01071nam a22002537a 450000500170000000800410001702000150005804000070007304100080008008200220008810000350011024500370014526000460018230000310022836500240025952003850028365000160066865000170068465000220070165000230072365000280074670000220077470000210079620211218093347.0211218b ||||| |||| 00| 0 eng d a0195640853 cAL aeng 223a307.760bPATB aSujata Patel: Alice Thorner Ed aBombay: Mosaic of Modern Culture aBombay:bOxford University Press.,c1996. axxxv,235 p.bPBc21x14 cm. b150.00c₹d150.00 aThis book focuses on Bombay's cultural life, the essence of which is constituted by Bombay's openness to winds blowing from all directions. The essays constituting the volume deal with various aspects of Bombay's cultural life. With several poems, photographs, paintings and film stills concerning Bombay, this volume is indispensable reading for all those interested in the city. aCommunities aUrbanization aSocial Conditions aIntellectural Life aMotion Picture Industry aPATEL (Sujata) Ed aAlice Thorner Ed